Sea Breeze and Local Winds : (Record no. 586505)

MARC details
000 -LEADER
fixed length control field 00482nam a2200181 a 4500
008 - FIXED-LENGTH DATA ELEMENTS--GENERAL INFORMATION
fixed length control field 250911s2007##################000#0#eng##
020 ## - INTERNATIONAL STANDARD BOOK NUMBER
ISBN 9780521025959
082 04 - DEWEY DECIMAL CLASSIFICATION NUMBER
Classification number 551.518
Item number SIM
100 1# - MAIN ENTRY--AUTHOR NAME
Personal name Simpson, John E.,
245 10 - TITLE STATEMENT
Title Sea Breeze and Local Winds :
260 ## - PUBLICATION, DISTRIBUTION, ETC. (IMPRINT)
Name of publisher Cambridge University Press,
Year of publication 2007.
650 #0 - SUBJECT ADDED ENTRY--TOPICAL TERM
Topical Term Science.
942 ## - ADDED ENTRY ELEMENTS (KOHA)
Koha item type English Books
Holdings
Withdrawn status Lost status Damaged status Not for loan Home library Current library Shelving location Date acquired Full call number Accession Number Price effective from Koha item type
        Anna Centenary Library Anna Centenary Library 5TH FLOOR, A WING 11.09.2025 551.518 SIM 232486 11.09.2025 English Books

Find us on the map